Central Library OPAC University of Rajshahi

Taskhire Rusiah : (Record no. 44340)

MARC details
000 -LEADER
fixed length control field 00669nam a2200229 a 4500
001 - CONTROL NUMBER
control field 44340
003 - CONTROL NUMBER IDENTIFIER
rucl marc code BD-RjUL
005 - DATE AND TIME OF LATEST TRANSACTION
control field 20220728122239.0
008 - FIXED-LENGTH DATA ELEMENTS--GENERAL INFORMATION
fixed length control field 160717r20222016bg ||||| |||| 00| 0 eng d
020 ## - INTERNATIONAL STANDARD BOOK NUMBER
International Standard Book Number 9847035001982
035 ## - SYSTEM CONTROL NUMBER
System control number (BD-RjUL)44340
040 ## - CATALOGING SOURCE
Original cataloging agency BD-RjUL
Language of cataloging eng
Transcribing agency BD-RjUL
041 ## - LANGUAGE CODE
Language code of text/sound track or separate title eng
082 ## - DEWEY DECIMAL CLASSIFICATION NUMBER
Edition number 23
Classification number 947.9
Author mark and year NET 2022
100 ## - MAIN ENTRY--PERSONAL NAME
Personal name Negahban, Amir
9 (RLIN) 136090
245 10 - TITLE STATEMENT
Title Taskhire Rusiah :
Remainder of title (Conquest of Russia) /
Statement of responsibility, etc. Amir Negahban
260 ## - PUBLICATION, DISTRIBUTION, ETC. (IMPRINT)
Place of publication, distribution, etc. Dhaka :
Name of publisher, distributor, etc. Roman Publisher,
Date of publication, distribution, etc. 2016,[reprint 2022]
300 ## - PHYSICAL DESCRIPTION
Pagination 216 p. :
Illustrations ill. ;
Size 22 cm.
651 ## - SUBJECT ADDED ENTRY--GEOGRAPHIC NAME
Geographic name Russia
Form subdivision Territorial expansion
9 (RLIN) 136091
Geographic name Russian
Form subdivision Caucasus.
9 (RLIN) 136092
942 ## - ADDED ENTRY ELEMENTS (KOHA)
Source of classification or shelving scheme Dewey Decimal Classification
Koha item type Books
Holdings
Lost status Source of classification or shelving scheme Damaged status Not for loan Collection code Permanent Location Current Location Date acquired Source of acquisition Cost, normal purchase price Full call number Date last seen Copy number Koha item type Shelving location
  Dewey Decimal Classification     Non-fiction Central Library, University of Rajshahi Central Library, University of Rajshahi 23/06/2016 Author 400.00 947.9 NET 2016 17/07/2016 C-2 Books  
  Dewey Decimal Classification     Non-fiction Central Library, University of Rajshahi Central Library, University of Rajshahi 19/06/2022 Author 500.00 947.9 NET 2022 28/07/2022 C-3 Books General Stacks
  Dewey Decimal Classification   Not For Loan Non-fiction Central Library, University of Rajshahi Central Library, University of Rajshahi 19/06/2022 Author 500.00 947.9 NET 2022 28/07/2022 C-1 Books Reading Room